Getión del capital intelectual en centros de Innovación y Desarrollo /

সংরক্ষণ করুন:
গ্রন্থ-পঞ্জীর বিবরন
প্রধান লেখক: Solleiro, José Luis
অন্যান্য লেখক: Castañon, Rosario
বিন্যাস: পাঠ‍্য
বিষয়গুলি:
ট্যাগগুলো: ট্যাগ যুক্ত করুন
কোনো ট্যাগ নেই, প্রথমজন হিসাবে ট্যাগ করুন!

MARC

LEADER 00000 a a2200000 04500
001 5361
003
040
100 |a Solleiro, José Luis  
245 |a Getión del capital intelectual en centros de Innovación y Desarrollo /  |c José Luis Solleiro  
650 |a TRANSFERENCIA DE TECNOLOGIA  
650 |a INVESTIGACION CIENTIFICA  
650 |a PROPIEDAD INTELECTUAL  
650 |a CIENCIA Y TECNOLOGIA  
650 |a MEXICO  
700 |a Castañon, Rosario  
773 |g número 330; páginas 26-39  
999 |c 21108  |d 21108